| 000 | 00613nam 22002053 4500 | ||
|---|---|---|---|
| 001 | 197962 | ||
| 010 | _a9722211358 | ||
| 021 |
_aPT _b52 231/92 |
||
| 090 | _a197962 | ||
| 100 | _a20250917d u||y0pory50 ba | ||
| 200 |
_aOs mais belos castelos de Portugal _fTexto de Júlio Gil _gfotografia de Augusto Cabrita |
||
| 210 |
_aLisboa _cVerbo _d1992 |
||
| 215 |
_a307 p. _cil.; fot. ; brochado _d31 cm |
||
| 606 |
_94600 _aArquitetura |
||
| 675 |
_a728.81(469) _vPT _zpor |
||
| 700 |
_93735 _aGil _bJúlio _f1924-2004 |
||
| 702 |
_91278 _aCabrita _bAugusto _f1923-1993 |
||
| 801 |
_aPT _bBMMN _gRPC |
||
| 830 |
_cAna _fAna |
||
| 990 | _cLIVROS | ||